| 000 | 00456nam a2200169Ia 4500 | ||
|---|---|---|---|
| 003 | GCL | ||
| 008 | 140319s9999 xx 000 0 ara d | ||
| 040 |
_aGCL / _cGCL |
||
| 082 | 0 | 4 |
_a272.7 _bب ص |
| 100 | 1 | _aبخيت متى | |
| 245 | 1 | 0 |
_aصاحب المكانة الاولى / _cبخيت متى |
| 260 |
_a[S.N] : _bدار الثقافة العربية ، _c1992 |
||
| 300 | _a149 ص | ||
| 490 | _a | ||
| 650 | 0 | 4 | _aالديانات |
| 942 |
_2ddc _cBK |
||
| 999 |
_c44880 _d44880 |
||